[Event "Santa Cruz de Tenerife op 28th"]
[Site "Santa Cruz de Tenerife"]
[Date "2017.12.18"]
[Round "2"]
[White "Martinez Rojas, Carlos Jose"]
[Black "Diaz Barrios, Franklin"]
[Result "1-0"]
[WhiteElo "2028"]
[BlackElo "1172"]
[PlyCount "32"]
[EventDate "2017.12.15"]
[EventType "swiss"]
[EventRounds "9"]
[EventCountry "ESP"]
[SourceTitle "CBM 182 Extra"]
[Source "ChessBase"]
[SourceDate "2018.02.23"]
[SourceVersion "1"]
[SourceVersionDate "2018.02.23"]
[SourceQuality "1"]

1. e4 d5 2. d4 dxe4 3. Nc3 Nf6 4. Bg5 Nc6 5. d5 Ne5 6. Qd4 Ng6 7. 0-0-0 Bg4 8. f3 exf3 9. Nxf3 Bxf3 10. Bxf6 Bxd1 11. Bb5+ Qd7 12. Bxd7+ Kxd7 13. Qa4+ c6 14. Rxd1 Kc7 15. dxc6 bxc6 16. Qa5+ Kc8 1-0